000 01143nam a2200229 a 4500
008 080109s1984 ||||||||||||||||| || u
020 _a0135496357
050 _aHD 31 Mac
100 _aMaciariello, Joseph A
245 1 0 _aManagement Control systems
260 _aEnglewood Cliffs, N.J.
_bPrentice Hall
_c1984
300 _axv,591p. : ill
350 _a0.00
500 _aIncludes bibliographies and index.
650 0 _aINDUSTRIAL MANAGEMENT
650 0 _aMANAGERIAL ACCOUNTING
650 0 _aMANAGEMENT
995 _aTEXTBOOKS (SB)
_D0.00
_e01312
_FCBU-SCHOOL TEXTBOOK COLLECTIONS
_H1
_I0.00
_jSCHOOL TEXTBOOK
_M2
_UAVAILABLE
_WSep 23, 2009
_y01312
_ZSchool Collections
995 _aTEXTBOOKS (SB)
_D0.00
_e01314
_FCBU-SCHOOL TEXTBOOK COLLECTIONS
_H1
_I0.00
_jSCHOOL TEXTBOOK
_M4
_UAVAILABLE
_WSep 23, 2009
_y01314
_ZSchool Collections
995 _aMAIN LIBRARY OPEN ACCESS
_D0.00
_e718781
_FCBU-MAIN LIBRARY (Kitwe)
_H1
_I41.00
_jHD 31 Mac
_M1
_UAVAILABLE
_y003338
_ZMain Library Open Access Collection
995 _aTEXTBOOKS (SB)
_D0.00
_e01313
_FCBU-SCHOOL TEXTBOOK COLLECTIONS
_H1
_I0.00
_jSCHOOL TEXTBOOK
_M3
_UAVAILABLE
_WSep 23, 2009
_y01313
_ZSchool Collections
999 _c82425
_d82425